Thanksgiving / (Record no. 1770)

MARC details
000 -LEADER
fixed length control field 01210cam a22003734a 4500
001 - CONTROL NUMBER
control field 1770
003 - CONTROL NUMBER IDENTIFIER
control field FISKH
005 - DATE AND TIME OF LATEST TRANSACTION
control field 20230929075341.0
008 - FIXED-LENGTH DATA ELEMENTS--GENERAL INFORMATION
fixed length control field 060208s2007 nyua j 001 0 eng
010 ## - LIBRARY OF CONGRESS CONTROL NUMBER
LC control number 2006004432
020 ## - INTERNATIONAL STANDARD BOOK NUMBER
International Standard Book Number 053111841X
020 ## - INTERNATIONAL STANDARD BOOK NUMBER
International Standard Book Number 0531124606
020 ## - INTERNATIONAL STANDARD BOOK NUMBER
International Standard Book Number 9780531124604
035 ## - SYSTEM CONTROL NUMBER
System control number (OCoLC)ocm63807918
035 ## - SYSTEM CONTROL NUMBER
System control number (OCoLC)63807918
040 ## - CATALOGING SOURCE
Original cataloging agency DLC
Transcribing agency DLC
Modifying agency IG#
-- BAKER
-- JPK
-- DLC
Language of cataloging eng
042 ## - AUTHENTICATION CODE
Authentication code pcc
043 ## - GEOGRAPHIC AREA CODE
Geographic area code n-us---
050 00 - LIBRARY OF CONGRESS CALL NUMBER
Classification number GT4975
Item number .T78 2007
082 00 - DEWEY DECIMAL CLASSIFICATION NUMBER
Classification number 394.2649
Edition number 22
100 1# - MAIN ENTRY--PERSONAL NAME
Personal name Trueit, Trudi Strain.
245 10 - TITLE STATEMENT
Title Thanksgiving /
Statement of responsibility, etc. by Trudi Strain Trueit.
260 ## - PUBLICATION, DISTRIBUTION, ETC.
Place of publication, distribution, etc. New York :
Name of publisher, distributor, etc. Scholastic,
Date of publication, distribution, etc. 2007.
300 ## - PHYSICAL DESCRIPTION
Extent 31 pages :
Other physical details color illustrations ;
Dimensions 18 cm.
440 #0 - SERIES STATEMENT/ADDED ENTRY--TITLE
Title Rookie read-about holidays
505 ## - FORMATTED CONTENTS NOTE
Formatted contents note N<br/>
520 ## - SUMMARY, ETC.
Summary, etc. Introduces readers to the traditions of Thanksgiving.
521 8# - TARGET AUDIENCE NOTE
Target audience note 560<br/>
Source Lexile<br/>
521 8# - TARGET AUDIENCE NOTE
Target audience note N<br/>
Source Raz-Plus<br/>
650 #0 - SUBJECT ADDED ENTRY--TOPICAL TERM
Topical term or geographic name entry element Thanksgiving Day
General subdivision History
Form subdivision Juvenile literature.
906 ## - LOCAL DATA ELEMENT F, LDF (RLIN)
a 7
b cbc
c orignew
d 1
e ecip
f 20
g y-gencatlg
942 ## - ADDED ENTRY ELEMENTS (KOHA)
Source of classification or shelving scheme Dewey Decimal Classification
Koha item type Books
Suppress in OPAC No
Holdings
Withdrawn status Lost status Source of classification or shelving scheme Damaged status Not for loan Collection Home library Current library Shelving location Date acquired Total Checkouts Full call number Barcode Date last seen Date last checked out Price effective from Koha item type
    Dewey Decimal Classification     Non-Fiction Footprints International School Library Network Toul Kork Campus Footprints International School Library Network Toul Kork Campus TK Primary Library Room(4th Floor), Bookcase 3&4, Shelves 17-32, Yellow Books 09/29/2023 1 TRU 394.2649 GT4975.T78 FISBK02054 02/02/2024 01/19/2024 09/29/2023 Books